| 000 | 00789nmc a2200277 a 4500 | ||
|---|---|---|---|
| 003 | AR-BaBNM | ||
| 005 | 20251128211226.0 | ||
| 008 | 173020s1996 ||||||||||||||000 | spa|| | ||
| 020 | _a2-7101-1175-6 | ||
| 040 | _cAR-BaBNM | ||
| 100 | 1 | _aCharnay, Roland | |
| 245 | 1 | 0 | _aPourquoi des mathématiques à l' école? |
| 260 |
_aParis _bESF _c1996 |
||
| 300 | 0 |
_a127 p. _bgráfs. |
|
| 490 | 0 | _aPratiques et enjeux pèdagogiques | |
| 504 | _aContiene referencias bibliográficas p. 126-127 | ||
| 650 | 4 | _aENSENANZA DE LAS MATEMATICAS | |
| 650 | 4 | _aPROCESO DE APRENDIZAJE | |
| 650 | 4 | _aMATEMATICA MODERNA | |
| 653 | 0 | _aPROBLEMAS [MATEMATICA] | |
| 653 | 0 | _aOPERACIONES MATEMATICAS | |
| 800 | 1 | _aDevelay, Michael | |
| 800 | 1 | _aMeirieu, Philippe | |
| 942 | _cBK | ||
| 998 | _craquel | ||
| 999 |
_c18805 _d18805 |
||